فکر و تحقیق / (Record no. 172204)

MARC details
000 -LEADER
fixed length control field 00490nam a22001817a 4500
005 - DATE AND TIME OF LATEST TRANSACTION
control field 20200129112617.0
010 ## - LCCN (DPL NO)
LC control number A-603663
020 ## - INTERNATIONAL STANDARD BOOK NUMBER
Terms of availability 15.00
035 ## - SYSTEM CONTROL NUMBER
System control number A-603663
037 ## - SOURCE OF ACQUISITION
Source of stock number/acquisition BPPD/Pub.
082 ## - DEWEY DECIMAL CLASSIFICATION NUMBER
Classification number 840
245 ## - TITLE STATEMENT
Title فکر و تحقیق /
Statement of responsibility, etc فہمیدہ بیگم
246 ## - VARYING FORM OF TITLE
Title proper/short title Fikr-O-Tehqeeq (Urdu) /
Remainder of title by Fehmida Begum
260 ## - PUBLICATION, DISTRIBUTION, ETC. (IMPRINT)
Place of publication, distribution, etc New Delhi
Name of publisher, distributor, etc Taraqqi Urdu Bureau
Date of publication, distribution, etc -
270 ## - ADDRESS
Address -
City -
Postal code -
300 ## - PHYSICAL DESCRIPTION
Extent 287p.
Dimensions 20cm(Hb)
942 ## - ADDED ENTRY ELEMENTS (KOHA)
Source of classification or shelving scheme Dewey Decimal Classification
Item type Urdu Bks
Classification part 840
Call number suffix ف ک ر
Holdings
Withdrawn status Lost status Not for loan Collection code Home library Current library Date acquired Source of acquisition Cost, normal purchase price Full call number Barcode Copy number Cost, replacement price Koha item type
      Non-fiction Central Library Central Library 29/01/2020 BPPD/Ven. 15.00 840 ف ک ر A-603663 1 15.00 Urdu Bks

© Delhi Public Library
Hit Counter
free hit counter